| 000 | 00635nam a2200205 u 4500 | ||
|---|---|---|---|
| 005 | 20210223131359.0 | ||
| 008 | 100913s2008 mx r 000 0 spa d | ||
| 020 | _a9789945171259 | ||
| 035 | _aUPN01000177773 | ||
| 049 | _aI | ||
| 050 | 4 |
_aPQ7409.2 S7.3 _bC5.4 |
|
| 100 | 1 |
_aStanley, Avelino, _d1959- _930797 |
|
| 245 | 1 | 3 |
_aLa ciguapa encantada por la luna / _cAvelino Stanley ; il. de Montserrat Ubach Figueras. |
| 260 |
_aSanto Domingo : _bSM, _c2008. |
||
| 300 |
_a150 p. : _bil. |
||
| 440 | 3 |
_aEl barco de vapor ; _v4 |
|
| 586 | _aObra finalista El Barco de Vapor 2007 | ||
| 650 | 4 |
_aNOVELA DOMINICANA _95587 |
|
| 905 | _aLibro | ||
| 999 |
_c149876 _d149876 |
||